000 00733nam a22001937a 4500
005 20251108164015.0
008 250721s1994 xx 000 0 ara d
082 1 4 _a346.03/عبد
100 1 _aأبو الخير، عبد السميع عبد الوهاب
245 1 0 _aالتعويض عن ضرر الفعل الشخصي لعديم التمييز في الفقه الإسلامي و القانون المدني :
_bدراسة مقارنة /
264 1 _aالقاهرة :
_bدار النهضة العربية،
_c1994.
300 _a251ص
650 1 7 _aالقانون المدني
650 1 7 _aالإسلام
650 1 7 _aالفقه
650 1 7 _aالمعاملات (فقه إسلامي)
942 _2ddc
_cBK
999 _c1272
_d1272